01178nam a2200277 a 4500001001000000005001700010041000800027044000800035084002100043100004500064245007200109260007500181300002900256500005300285500004800338500015100386500004000537500001200577546002400589650005200613650005600665650003400721650004500755700005000800740005000850BRCA_342320190320204256.0 aeng aenk a712b.D468c19361 aCervantes Saavedra, Miguel ded1547-161610aThe Adventures of Don Quixote of la ManchacBy Miguel de Cervantes. aLondres : Nueva YorkbJ. M. Dent and Sons : E. P. Dutton and Co.c1936 axii, 532 p.bil.c20 cm. aContenido : Prólogo del autor. Texto abreviado aEdición : Illustrated by W. Heat Robinson aCuarta reimpresión de la edición de 1902 de los mismos editores. Tela; lomo y plano decorados con motivos quijotiles en color Lúdovik Osterc aIncluye índice : De ilustraciones aQM1380A aTexto en : inglés14aNovela españolayÉpoca clásica, 1500-170014aLiteratura españolayÉpoca clásica, 1500-170014aNovela españolaySiglo XVII14aDon Quijote (Personaje ficticio)eNovela1 aRobinson, William Heatd1872-1944eIlustrador0 aEl Ingenioso Hidalgo Don Quijote de la Mancha